00595nam a22002057a 450000500170000001000110001702000220002803500110005003700160006104000120007708200120008910000180010124501040011926000410022327000330026430000200029750000410031765000140035865000170037220170124110108.0 a923578 c00.00a0354042718 a923578 bCen Lib/Ret aDPLbEN aMNbFOR aForman, Joan  aThe mask of time :cby Joan Forman bthe mystry factore in timeslips, precognition and hindsight / aLondon bMacdonald and Jane's c1978 bLondon a8 shepherdess walk  a252p.c20cm(Hb) aIncludes bibliographical references  aOccultism aSupernatural